00777cam a22002414a 45000010009000000050017000090080041000260100017000670200040000840400018001240410008001420420008001500800019001580820023001771000007002001010008002072450077002155040051002929060045003439420012003889990017004009520118004171284218320180302070148.0020703s2003 mauab b 001 0 eng  a 2002029371 a0767426037 (softcover : alk. paper) aDLCcDLCdDLC aeng apcc a305.800723 WAL00a305.800723 WAL221 a24 aANT00aPersonal encounters :c[edited by] Linda S. Walbridge, April K. Sievert. aIncludes bibliographical references and index. a7bcbccorignewd1eocipf20gy-gencatlg 2ddccBK c44020d44020 00102udc40708PËKGa002b002cPËKGd2018-03-02l0o305.800723 WALp002-3000504r2018-03-02w2018-03-02yBK